00450 2200169 4500001002100000005001500021035002000036245007400056100001300130250001700143300003100160700001700191260003300208082001100241084001700252650001100269INLIS00000000000042520240629123431 a0010-06240001341 aTata Krama :bMembangun Keselamatan Bersama /cSudharto, Sudi Yatmana0 aSudharto acetakan ke-1 av, 64 hlm :bilus ;c21 cm0 aSudi Yatmana aJakarta :bCV. Deriko,c2007 a302.15 a302.15 SUD t 4asosial